MDQL
is popping MORE tags! Check the
thread
!
Quizzes
Events
Quiz Creation
Community
Videos
Private Events
Remove Ads
Sign In
Join for FREE
Feedback
Dark Mode
Quiz Categories
Sports
Geography
Music
Movies
Television
Just For Fun
Miscellaneous
History
Literature
Language
Science
Gaming
Entertainment
Religion
Holiday
For Kids
Quiz Lab
Recent
Popular Today
Quiz Kudos Today
Editor Picks
Curator Picks
Quizzes by...
Day
Popularity
Type
Ratings
Length
Year
Community
Subscriptions
Recent Discussions
Orange Saloon
Badges
Playlists
Quests
Create
Leaderboards
Showdown
Live 5
Trivia Bingo
Activity
Puzzle Library
Sporcle Events
Private Events
Virtual Trivia
Globe League
Become a Host
Pub Owners
SporcleCon
Opinionation
Our Games
Videos
Blog
Mobile Apps
Partnerships
Remove Ads and Go Orange
Feedback
Sports
Athletes
MLB
NBA
NHL
NFL
Soccer
Sports Teams
WWE
NCAA
Football
Premier League
Basketball
Baseball
Hockey
Golf
Tennis
Cricket
Rugby
Auto Racing
Olympics
World Cup
Sports
Athletes
MLB
NBA
NHL
NFL
Soccer
Sports Teams
WWE
NCAA
Football
Premier League
Basketball
Baseball
Hockey
Golf
Tennis
Cricket
Rugby
Auto Racing
Olympics
World Cup
Random Quiz
Search Sporcle
×
Quiz Lab
Quiz Lab
Sports
Rumble Participants
Type in answers that appear in a list
Type in answers that appear in a list
Classic
Best Score? Go Orange.
2002 Royal Rumble Stats
Can you name the 2002 Royal Rumble Participants?
By
cardenharry92
10m
30 Questions
184 Plays
184 Plays
184 Plays
Comments
Comments
Give Quiz Kudos
Give Quiz Kudos
-
- Ratings
hide this ad
Replay
Link that replays current quiz
Next Quiz
Link to next quiz in quiz playlist
You Got
0%
They Got
Avg Score
77%
Avg Friend Score
Upgrade to see
Score Distribution
Jump to the score distribution portion of the page
Score
0/30
Timer
10:00
0
Plays Today
#
Wrestler
% Correct
8
The Undertaker
97.3%
22 (Winner)
Triple H
96.2%
26
Kurt Angle
93.5%
9
Matt Hardy
92.9%
10
Jeff Hardy
92.9%
19
Steve Austin
92.4%
28
Kane
90.8%
1
Rikishi
87.5%
30
Booker T
87%
11
Maven
85.9%
27
Big Show
84.8%
2
Goldust
83.7%
13
Christian
83.7%
25
Mr Perfect
82.6%
7
Billy
78.8%
#
Wrestler
% Correct
29
Rob Van Dam
78.3%
4
Bradshaw
75%
15
Chuck
74.5%
21
Test
71.7%
23
The Hurricane
69%
3
Big Boss Man
65.2%
6
Al Snow
65.2%
12
Scotty 2 Hotty
64.7%
16
The Godfather
64.1%
20
Val Venis
64.1%
14
Diamond Dallas Page
63%
24
Faarooq
63%
17
Albert
61.4%
18
Perry Saturn
58.7%
5
Lance Storm
58.2%
Quiz Playlist
Details
Report
Send in Message
Add To Playlist
Classic:
Type in answers that appear in a list
Last Updated: Feb 16, 2017
Quiz Scoreboard
CHALLENGE
Sign Up to Join the Scoreboard
Show All
Scores
Hide
Comments
May contain spoilers
Recently Published
Colored Red Africa Blitz
by spor1
Geography
30s
Find the 'City' Movie
by crazypaving
Movies
60s
5x2 Blitz: Bands
by SL_Kpop136
Music
30s
More to Explore
Quiz From the Vault
Featured Blog Post
14 Easter Pick-up Lines to Find Eggs With
hide this ad
You Might Also Like...
Tags
2002
participant
Royal
rumble
Rumble Participants
Today's Top Quizzes in Sports
Browse Sports
hide this ad
Today's Top Quizzes in Rumble Participants
Browse Rumble Participants
Top Contributed Quizzes in Sports
1
Les entraîneurs de l'OM et du PSG au 21e siècle
2
Les meilleurs buteurs des matchs entre le PSG et l’OM
3
Players with Multiple 50 Home Run Seasons
4
2022 World Cup Stars
5
Les joueurs passés par le PSG et l'OM
6
NBA Logic Puzzle 2.0
7
Criteria MLB: Left Handed Sluggers
8
MLB Players with Two .350 Batting Average Seasons
9
Top 10 NHL Goal Scorers of All Time
10
Who Hit More Homers?
Explore More
Trending Topics
Disney
Harry Potter
NBA
Marvel
Anime
Crossword
Kpop
Song
NFL
Country
Puzzle
Soccer
WWE
Pokémon
The Office
hide this ad
More By:
cardenharry92
Quiz
Plays
Rating
Category
Featured
Created
AJ Styles WWE PPV Opponents
7,972
4.13
Sports
Sep 4, 2016
WWE Roster 2018
4,478
3.40
Sports
Dec 10, 2016
WWE Royal Rumble 2017 Participants
2,433
2.88
Sports
Jan 30, 2017
WWE Draft 2018 (Superstar Shakeup)
1,616
4.00
Sports
Apr 18, 2018
WWE Draft 2017 (Superstar Shakeup)
1,603
3.50
Sports
Apr 12, 2017
Go to Creator's Profile
Score Distribution
Quiz Creator Spotlight
cardenharry92
Follow
Send a Message
Quizzes Created
-
Created Quiz Play Count
-
More By This Creator
Popular Quizzes Today
1
Colored Red Africa Blitz
2
Find the 'City' Movie
3
Find the US States - No Outlines Minefield
4
5x2 Blitz: Bands
5
The Countries of the World
6
Find the US States
7
US States
8
Find the Countries of Europe - No Outlines Minefield
More Sports Quizzes
WWE Women's Champions by Photo II
Quiz Lab
Trending Quizzes
Colored Red Europe Blitz I
Colored Red Africa Blitz II
Colored Red Europe Blitz II
Colored Red Africa Blitz III
Colored Red Europe Blitz III
Recently Updated
How Do You Spell That?
pecheneg
Godzilla Movies
pecheneg
Grab Bag: 4-10 Letters
pecheneg
2024 March Madness Bracket
pecheneg
Famous TV Couples
Peacemaker
Champions League XIs: Real Madrid
pecheneg
Largest US Cities 1790-2010
pecheneg
Rides in Walt Disney World
pecheneg
Most Oscar Losses (Acting)
pecheneg
Beyoncé Albums
pecheneg
Trending Topics
Anime
Crossword
Kpop
Disney
NBA
Marvel
Harry Potter
Song
Pokémon
NFL
WWE
Country
The Office
Soccer
Puzzle
Your Account Isn't Verified!
In order to create a playlist on Sporcle, you need to verify the email address you used during registration. Go to your
Sporcle Settings
to finish the process.
Report this User
Report this user for behavior that violates our
Community Guidelines
.
Details:
Send Report
Go to the Sporcle.com Mobile Site →
Comments